000 00790 a2200193 4500
003 0
005 20251110185242.0
040 _c0
082 _a621.382,SAJ
100 _aCSUO Sajjad ( TCC-5)
_9131767
245 _aStudy, design and establishment of a fiber optic link for analog and digital communication /
_cCSUO Sajjad, PC Aamir Watto , NC Yousaf Allah Dad (TCC-5)
260 _aRawalpindi
_bMCS (Lahore)
_c1997
300 _a51 p.;
505 _aIntroduction (Page-1), Advantages and Applications (Page-7), Transmitters (Page-13), Receivers(Page-19), Type of Fiber (Page-29),Connectors and Splicing (Page-35), The Optical Fiber Link (Page-37).
650 _aUG Projects
_998716
651 _aTCC-5
_9131762
700 _aSupervised by W/C (R) Akhlaq
_9131768
942 _2ddc
_cPR
999 _c182153
_d182153